Μελέτη της φυσικής αναγέννησης των ειδών Pinus brutia και Pistacia lentiscus μετά από πυρκαγιά στην περιοχή της Χαραμίδας

Αποθηκεύτηκε σε:
Λεπτομέρειες βιβλιογραφικής εγγραφής
Κύριος συγγραφέας: Κρομύδας, Λευτέρης
Συγγραφή απο Οργανισμό/Αρχή: Πανεπιστήμιο Αιγαίου Σχολή Περιβάλλοντος Τμήμα Περιβάλλοντος Θεοφράστειο Πρόγραμμα Μεταπτυχιακών Σπουδών Περιβαλλοντική και Οικολογική Μηχανική
Άλλοι συγγραφείς: Δημητρακόπουλος, Παναγιώτης Γ. (Εισηγητής διατριβής)
Μορφή: Thesis Βιβλίο
Γλώσσα:Greek
Δημοσίευση: 2009
Θέματα:
Διαθέσιμο Online:http://hdl.handle.net/11610/14856
Ετικέτες: Προσθήκη ετικέτας
Δεν υπάρχουν, Καταχωρήστε ετικέτα πρώτοι!

MARC

LEADER 00000cam a2200000 i 4500
001 1/8544
008 100618s2009 gre d
035 |l 10108289 
040 |a GR-MY-UA  |b gre  |e aacr 
041 0 |a gre 
082 0 |a 585.217  |2 (22) 
100 1 |a Κρομύδας, Λευτέρης. 
245 1 0 |a Μελέτη της φυσικής αναγέννησης των ειδών Pinus brutia και Pistacia lentiscus μετά από πυρκαγιά στην περιοχή της Χαραμίδας /  |c Κρομύδας Λευτέρης ; υπεύθυνος καθηγητής: Δημητρακόπουλος Παναγιώτης 
260 |c 2009 
300 |a 69 σ.;  |c 30 εκ. 
502 |a Διατριβή (μεταπτυχιακή) – Πανεπιστήμιο Αιγαίου, Λέσβος, 2009. 
504 |a Βιβλιογραφία: σ. 68-69 
650 0 0 |a Forest fires  |z Greece  |z Lesbos (Municipality) 
650 0 0 |a Regeneration (Botany) 
650 0 0 |a Pine  |z Greece  |z Lesbos (Municipality) 
650 0 0 |a Forest regeneration  |z Greece  |z Lesbos (Municipality) 
650 0 |a Fire ecology  |z Greece  |z Lesbos (Municipality) 
650 0 0 |a Dissertations, Academic  |z Greece. 
700 1 |4 ths  |a Δημητρακόπουλος, Παναγιώτης Γ. 
710 2 |a Πανεπιστήμιο Αιγαίου  |b Σχολή Περιβάλλοντος  |b Τμήμα Περιβάλλοντος  |b Θεοφράστειο Πρόγραμμα Μεταπτυχιακών Σπουδών Περιβαλλοντική και Οικολογική Μηχανική. 
852 |a INST  |b LESVOS  |c DIATR  |e 20100618  |h 153  |p 005100047766  |q 005100047766  |t MTXE  |y 23 
852 |a INST  |b LESVOS  |c DIATR  |e 20100618  |h 154  |p 005100047767  |q 005100047767  |t MTXE  |y 23 
856 |u http://hdl.handle.net/11610/14856 
901 |a BIBL1-2010-2 
909 |a Λ  |b 164843 
909 |a Λ  |b 164842 
924 |a ΚΡΟΜΥΔΑΣ  |b ΛΕΥΤΕΡΗΣ  |y ΛΕΣΒΟΣ  |z 2009-11 
970 |a ΤΖΑΦΕΡΗ  |b ΕΥΑΓΓΕΛΙΑ  |z 2010/06/18